| 000 | 00371nam a2200145Ia 4500 | ||
|---|---|---|---|
| 008 | 230917s9999||||xx |||||||||||||| ||und|| | ||
| 040 |
_e146284 _aMAIN |
||
| 041 | _aEnglish | ||
| 082 | _a153.733 R299A | ||
| 100 | _aRequin, Jean | ||
| 245 | 0 | _aAttention and performance VII | |
| 260 |
_aNew Jersey _bLawrence Erlbaum Associates _c1978 |
||
| 300 | _a730p p. | ||
| 942 | _cBK | ||
| 999 |
_c37066 _d37066 |
||